Principios de criminología clínica y psiquiatría forense /

Guardado en:
Autor Principal: Di Tullio, Benigno
Formato: Libro
Idioma:Spanish
Publicado: Madrid : Aguilar, 1966
Edición:3a. ed.
Materias:
Etiquetas: Agregar Etiqueta
Sin Etiquetas, Sea el primero en etiquetar este registro!
LEADER 00473nam a22001575a 4500
001 DER.der011171
008 180615s1966####ag#||||||||||||||#||spa||
005 20241018133328.0
245 1 0 |a Principios de criminología clínica y psiquiatría forense /  |c Benigno Di Tullio 
250 |a 3a. ed. 
260 |a Madrid :  |b Aguilar,  |c 1966 
300 |a 470 p. 
100 1 |a Di Tullio, Benigno 
082 0 4 |a 364.3  |2 21 
650 7 |a Criminología 
859 |a DERECHO  |b BIB. DERECHO  |h 364.3  |i DIT  |k CRM  |p 006597